01246nam a2200325Ia 4500001001200000003000800012006001900020007001500039008004100054010001700095020001800112040002100130035002100151050002300172100001900195245010700214260004300321300001700364504005100381533015200432650003000584650003500614650004800649650001800697655002900715710001600744710001700760856012600777999001700903ebr10273765CaPaEBRm u cr cn|||||||||080821s2009 dcu sb 001 0 eng d z 2008036215 z9780821374443 aCaPaEBRcCaPaEBR a(OCoLC)31107778514aRA418b.Y39 2009eb1 aYazbeck, Abdo.10aAttacking inequality in the health sectorh[electronic resource] :ba synthesis of evidence and tools. aWashington, D.C. :bWorld Bank,c2009. axxiv, 308 p. aIncludes bibliographical references and index. aElectronic reproduction.bPalo Alto, Calif. :cebrary,d2009.nAvailable via World Wide Web.nAccess may be limited to ebrary affiliated libraries. 0aEqualityxHealth aspects. 0aHealth services accessibility. 0aPoorxMedical carevCross-cultural studies. 0aWorld health. 7aElectronic books.2local2 aWorld Bank.2 aebrary, Inc.40uhttp://site.ebrary.com/lib/rucke/Doc?id=10273765zAn electronic book accessible through the World Wide Web; click to view c21853d21853